| 000 | 00509nam a2200157 a 4500 | ||
|---|---|---|---|
| 005 | 20140414131935.0 | ||
| 008 | 110119s19uu xx 00 eng d | ||
| 050 |
_aREF 537 _bP22 2000 |
||
| 100 | _aParker, Steve, 1952- | ||
| 245 |
_aElectricity / _cwritten by Steve Parker. |
||
| 260 |
_aLondon ; New York : _bDorling Kindersley, _cc2000. |
||
| 520 | _aDiscusses the properties of electricity and describes how it is made and used. | ||
| 650 | _aElectricity. | ||
| 650 | _aElectric power. | ||
| 999 |
_c112413 _d112413 |
||